Využitie finančných odhadov vo finančnom riadení podniku
Priblíženie problematiky tvorby účtovných odhadov vo finančnom riadení podniku so zameraním na tvorbu, použitie alebo zrušenie rezerv a opravných položiek. Rezervy či opravné položky môžu pri nepravdivom zobrazení skresliť výsledok hospodárenia účtovnej jednotky a následne ovplyvnia používateľov účt...
Na minha lista:
| Autor principal: | |
|---|---|
| Outros Autores: | |
| Formato: | Capítulo de Livro |
| Idioma: | eslovaco |
| Assuntos: | |
| Tags: |
Sem tags, seja o primeiro a adicionar uma tag!
|
MARC
| LEADER | 00000naa$a2200000$$$4500 | ||
|---|---|---|---|
| 001 | 0249024 | ||
| 005 | 20240502074000.7 | ||
| 041 | 0 | |a slo | |
| 044 | |a SK | ||
| 245 | 1 | 0 | |a Využitie finančných odhadov vo finančnom riadení podniku |c Nikoleta Baloghová, Zuzana Juhászová |
| 520 | |a Priblíženie problematiky tvorby účtovných odhadov vo finančnom riadení podniku so zameraním na tvorbu, použitie alebo zrušenie rezerv a opravných položiek. Rezervy či opravné položky môžu pri nepravdivom zobrazení skresliť výsledok hospodárenia účtovnej jednotky a následne ovplyvnia používateľov účtovnej závierky. Preto je dôležité postupovať pri tvorbe účtovných položiek podľa právnych predpisov a zároveň dodržiavať zásadu opatrnosti a zásadu verného a pravdivého zobrazenia. | ||
| 610 | 2 | 0 | |a podnik |
| 610 | 2 | 0 | |a riadenie finančné |
| 610 | 2 | 0 | |a hospodárenie finančné |
| 610 | 2 | 0 | |a rezervy |
| 610 | 2 | 0 | |a položky opravné |
| 610 | 2 | 0 | |a výsledok hospodársky |
| 610 | 2 | 0 | |a účtovníctvo |
| 610 | 2 | 0 | |a účtovanie |
| 610 | 2 | 0 | |a závierka účtovná |
| 100 | 1 | |a Baloghová, Nikoleta, 1991- | |
| 700 | 1 | |a Juhászová, Zuzana, 1970- | |